Statistics for French Events, 2001-2020

Click here to take the quiz!

General Stats

  • This quiz has been taken 21 times
  • The average score is 17 of 20

Answer Stats

YearHintAnswer% Correct
2015Twelve people are killed during an attack aimed at this satire magazineCharlie Hebdo
100%
2017At 39, he becomes the youngest president in French historyEmmanuel Macron
100%
2014Far-right Front National, led by this woman, gains most seats at the European ElectionsMarine Le Pen
100%
2019This Gothic Cathedral, situated on the Île de la Cité, burnsNotre-Dame de Paris
100%
2020This foreign leader promised to pull out of the Paris Agreement (which is possible from 2020 on)Donald Trump
95%
2012This big actor renounces his French citizenship, shortly before becoming RussianGérard Depardieu
95%
2005Amid Paris riots, this president declares a state of emergencyJacques Chirac
95%
2007It is revealed that Bjarne Riis, Alexander Vinokourov and other cyclists used doping at this sports eventTour de France
95%
2008Nicolas Sarkozy marries this Italian singer and former modelCarla Bruni
89%
2011This silent film is the first foreign one to win a Best Picture OscarThe Artist
89%
2006This soccer player ends his career with a head butt at the World Cup finalZinédine Zidane
89%
2002France refuses to join the US in this conflictIraq War
84%
2016France hosts this sports event, at which Antoine Griezmann wins the Golden BootUEFA Euro
84%
2004This Palestine leader dies in a hospital near ParisYasser Arafat
84%
2001Audrey Tautou stars as a quirky Parisian woman in this colorful movieAmélie
79%
2003This supersonic passanger airline ceases to operateConcorde
79%
2009This dance-pop DJ releases "When Love Takes Over" and "Sexy Chick"David Guetta
79%
2018Fuelled by rising gas prices and neoliberal policies, this protest movement emergesYellow vests
74%
2013Along with Pharrell Williams, electronic music duo Daft Punk releases this singleGet Lucky
58%
2010This controversial writer and critic of Islam publishes "The Map and the Territory"Michel Houellebecq
11%

Score Distribution

Percentile by Number Answered

Percent of People with Each Score

Your Score History

You have not taken this quiz